| 000 | 01292nam a2200349 i 4500 | ||
|---|---|---|---|
| 001 | bg | ||
| 003 | KOSZ 005 | ||
| 005 | 20191003114437.0 | ||
| 008 | 980713s1996 pl a |000 0 pol | ||
| 015 | _aPB 1997/16361 | ||
| 020 | _a8385031642 | ||
| 035 | _a(OCoLC)830130824 | ||
| 040 |
_aWA N _cKOSZ 005/HR _dKOSZ 005/HR |
||
| 046 | _k1996 | ||
| 080 | _a621.791/.795 | ||
| 245 | 0 | 0 |
_aTechnologia i oprzyrządowanie w obróbce powierzchniowej : _bprace Zespołu Obróbki Powierzchniowej / _cpod red. Krzysztofa Tubielewicza. |
| 260 |
_aCzęstochowa : _bWydaw. PC, _c1996. |
||
| 300 |
_a169, [1] s. : _bfot., rys., wykr. ; _c24 cm. |
||
| 380 | _aKsiążki. | ||
| 490 | 1 |
_aMonografie / Politechnika Częstochowska, _x0860-5017 ; _vnr 42. |
|
| 504 | _aBibliogr. przy rozdz. | ||
| 658 | _aInżynieria i technika | ||
| 650 | 4 | _aTechnologia | |
| 650 | 4 | _aMaszyny | |
| 650 | 4 | _aInżynieria powierzchni | |
| 650 | 4 | _aNarzędzia | |
| 710 | 2 |
_aPolitechnika Częstochowska. _bWydawnictwo. _4pbl. |
|
| 700 | 1 |
_aTubielewicz, Krzysztof _d(1938- ) _eRedakcja |
|
| 830 | 0 |
_aMonografie - Politechnika Częstochowska, _vnr 42. |
|
| 856 |
_uhttp://koha.tu.koszalin.pl/cgi-bin/koha/opac-detail.pl?biblionumber=31533 _yKatalog online BPK |
||
| 942 |
_2UKD _cKS |
||
| 999 |
_c31533 _d31533 |
||